[Event "Catalunya Club op"]
[Site "Spain"]
[Date "1999.??.??"]
[Round "?"]
[White "Velazquez Manisse, Ernesto"]
[Black "Obon Temprano, Sergi"]
[Result "1-0"]
[WhiteElo "2170"]
[BlackElo "1970"]
[PlyCount "81"]
[EventDate "1999.??.??"]
[EventType "swiss"]
[EventRounds "9"]
[EventCountry "ESP"]
[SourceTitle "EXT 2000"]
[Source "ChessBase"]
[SourceDate "1999.11.16"]
[SourceVersion "1"]
[SourceVersionDate "1999.11.16"]
[SourceQuality "1"]

1. c4 Nf6 2. Nc3 g6 3. e4 d6 4. d4 Bg7 5. f3 0-0 6. Be3 e5 7. d5 c6 8. Bd3 a5 9. Qd2 Na6 10. Nge2 Nc5 11. Bc2 cxd5 12. cxd5 Nh5 13. g4 Nf4 14. Nxf4 exf4 15. Bxf4 f5 16. Bg5 Qe8 17. gxf5 gxf5 18. 0-0-0 fxe4 19. fxe4 b5 20. Rhg1 b4 21. Bh6 Rf7 22. Bxg7 Rxg7 23. Rxg7+ Kxg7 24. Rg1+ Kh8 25. Qd4+ Qe5 26. Qxe5+ dxe5 27. Na4 Nd7 28. Kd2 Ba6 29. Bd3 Bxd3 30. Kxd3 Rf8 31. Rc1 Rf3+ 32. Ke2 Rf4 33. Rc8+ Kg7 34. Rc7 Rxe4+ 35. Kd3 Rd4+ 36. Ke3 Rxd5 37. Nb6 Rc5 38. Rxd7+ Kg6 39. Rd5 Rc2 40. Rd2 Rc5 41. Nd7 1-0

[Event "Barcelona op-A"]
[Site "Barcelona"]
[Date "1998.??.??"]
[Round "4"]
[White "Velazquez Manisse, Ernesto"]
[Black "Gardela Batlle, Jordi"]
[Result "1/2-1/2"]
[WhiteElo "2165"]
[BlackElo "2300"]
[PlyCount "83"]
[EventDate "1998.??.??"]
[EventType "swiss"]
[EventRounds "8"]
[EventCountry "ESP"]
[SourceTitle "EXT 2019"]
[Source "ChessBase"]
[SourceDate "2018.10.10"]
[SourceVersion "1"]
[SourceVersionDate "2018.10.10"]
[SourceQuality "1"]

1. Nf3 Nf6 2. g3 d5 3. Bg2 c5 4. 0-0 Nc6 5. d3 e5 6. Nbd2 Be7 7. e4 dxe4 8. dxe4 0-0 9. c3 b6 10. Re1 Qc7 11. Bf1 Bb7 12. Qc2 Na5 13. Nc4 Nxc4 14. Bxc4 a6 15. Bg5 b5 16. Bxf6 Bxf6 17. Bf1 Rfd8 18. Rad1 Be7 19. Bg2 c4 20. Nd2 Bc5 21. Nf1 Rxd1 22. Rxd1 Rd8 23. Rd2 Bc6 24. Qd1 Rxd2 25. Qxd2 Qd7 26. Qxd7 Bxd7 27. Nd2 Kf8 28. Nf3 f6 29. Kf1 Ke7 30. Nd2 Kd6 31. Ke2 a5 32. a4 Bb6 33. axb5 Bxb5 34. Bh3 g6 35. Ke1 Bd8 36. Bf1 Kc5 37. Be2 Be7 38. Bf1 Bf8 39. Bh3 Kd6 40. Bf1 Kc5 41. Bh3 Kd6 42. Bf1 1/2-1/2